000 00646nam a2200241Ia 4500
003 OSt
005 20220923214556.0
006 a|||||r|||| 00| 0
007 ta
008 220922b |||||||| |||| 00| 0 hin d
024 _a170,999
037 _cTextual
040 _aARTS
_cARTS
_bhin
041 _2hin
_ahin
082 _aO152,3N124,DA, K2
100 _aजैन, ऋषभचरण
245 0 _aगदर
246 _aGadara
260 _c1962
650 _aहिन्दी साहित्य
_9156264
942 _hO152,3N124,DA, K2
_cTEXL
_2CC
999 _c325240
_d325240